000 00877nam a2200253Ia 4500
003 OSt
005 20220925165536.0
006 a|||||r|||| 00| 0
007 ta
008 220923b |||||||| |||| 00| 0 eng d
020 _a9780444531001
_c6482.1000000000004
037 _b1218, 23/03/2009, Capital Books Private Limited.
_cGeneral Book
040 _aRTL
_cRTL
_beng
041 _2eng
_aeng
082 _aX:77g, P8.4/TD
100 _aSchultz T Paul
_9233777
245 0 _aHandbook of development economics. V 4
260 _aAmsterdam
_bElsevier
_c2008
490 _v01473173 V4 (xxxii, 3052-4035p)
_aHandbooks in Economics, 9
650 _aEconomics
700 _a Strauss John
_9233778
942 _hX:77g, P8.4/TD
_cGB
_2CC
999 _c477492
_d477492